Geography Quiz

Random Geography or War Quiz

Most Defensive Countries Quiz Stats

 Plays Quiz Updated Mar 10, 2015

Challenge
Share
Tweet
Embed
Score 0/60 Timer 04:00
25 Plays Today
Answer % Correct
United States
99.7%
United States
99.7%
United States
99.7%
United States
99.7%
United States
99.7%
United States
99.7%
China
98.7%
China
98.7%
China
98.7%
China
98.7%
China
98.7%
China
98.7%
Russia
98%
Russia
98%
Russia
98%
Russia
98%
Russia
98%
Russia
98%
United Kingdom
97%
United Kingdom
97%
United Kingdom
97%
France
95.3%
France
95.3%
France
95.3%
Germany
94.7%
Germany
94.7%
Japan
93.9%
Japan
93.9%
Japan
93.9%
India
91.1%
Answer % Correct
India
91.1%
India
91.1%
India
91.1%
India
91.1%
North Korea
87.9%
North Korea
87.9%
North Korea
87.9%
North Korea
87.9%
South Korea
86.4%
South Korea
86.4%
South Korea
86.4%
South Korea
86.4%
South Korea
86.4%
Iran
84.5%
Iran
84.5%
Mexico
82.6%
Pakistan
74.7%
Egypt
73.7%
Egypt
73.7%
Saudi Arabia
70.9%
Turkey
68.5%
Turkey
68.5%
Turkey
68.5%
Norway
59.1%
Ukraine
57%
Greece
54.9%
Netherlands
44.6%
Taiwan
38.4%
Taiwan
38.4%
Singapore
22.7%

You're not logged in!

Compare scores with friends on all Sporcle quizzes.
Join for Free
OR
Log In

You Might Also Like...

Show Comments

Extras

Top Quizzes Today


Score Distribution

Your Account Isn't Verified!

In order to create a playlist on Sporcle, you need to verify the email address you used during registration. Go to your Sporcle Settings to finish the process.

Report this User

Report this user for behavior that violates our Community Guidelines.

Details: